000 00514nam a22001697a 4500
999 _c4177
_d4177
008 160827b xxu||||| |||| 00| 0 eng d
020 _a2094-8042
082 _aDPer 370.105 M72 Jan-Dec 2012 v. 60-61
100 _913788
_aSoriano, Edna R.
243 _a
245 _aIna ng kalayaan/
_cEdna R. Soriano.
260 _aPhilippines:
_bIn the Grade School, Inc.,
_c©2012.
300 _av60 n9, page 385;
_c28 cm.
500 _aThe Modern Teacher.
650 0 _919464
_aPhilippine
_vPoetry
942 _2ddc
_cPER